Where do we go now? - Gracie Abrams - Statistics

General Stats
  • This quiz has been taken 49 times
  • The average score is 286 of 319
Answer Stats
Hint Answer % Correct
a
100%
do
100%
go
100%
I
100%
no
100%
now
100%
of
100%
we
100%
where
100%
Chorus Where
100%
you
100%
Verse 2 You
100%
but
96%
me
96%
my
96%
that
96%
the
96%
to
96%
when
96%
street
91%
time
91%
Verse 1 24th
87%
all
87%
an
87%
and
87%
are
87%
be
87%
'cause
87%
could
87%
every
87%
felt
87%
held
87%
it
87%
like
87%
miss
87%
arm
83%
best
83%
grabbed
83%
i'd
83%
kissed
83%
know
83%
lot
83%
Chorus So
83%
so
83%
we're
83%
were
83%
what
83%
wrong
83%
alarm
78%
can't
78%
don't
78%
fell
78%
for
78%
got
78%
had
78%
here
78%
how
78%
i'm
78%
lied
78%
life
78%
lost
78%
mental
78%
out
78%
through
78%
try
78%
was
78%
wo
78%
you're
78%
about
74%
after
74%
back
74%
burned
74%
changed
74%
control
74%
down
74%
fake
74%
feelin'
74%
fire
74%
half
74%
hard
74%
have
74%
hopeful
74%
if
74%
in
74%
longest
74%
myself
74%
tell
74%
tried
74%
up
74%
way
74%
without
74%
actual
70%
blame
70%
ceilin'
70%
choose
70%
cry
70%
die
70%
fightin'
70%
give
70%
hurt
70%
line
70%
look
70%
meet
70%
mind
70%
needed
70%
one-sided
70%
our
70%
overnight
70%
promise
70%
somehow
70%
space
70%
supposed
70%
thing
70%
work
70%
you'll
70%
brutal
65%
hate
65%
left
65%
light
65%
lived
65%
nothin'
65%
reservations
65%
years
65%
behind
61%
guess
61%
losing
61%
there's
61%
writin'
52%
Bridge Wecould
26%
No matching quizzes found
Score Distribution
Percent of People with Each Score
Percentile by Number Answered
Your Score History
You have not taken this quiz